| 000 | 00637nam a2200205 a 4500 | ||
|---|---|---|---|
| 020 | _a9251021902 | ||
| 040 | _cDLC | ||
| 082 | 0 | 0 | _a633 FOO 1988 A040 Or. |
| 100 | 1 | _aSkerman, P. J. | |
| 245 | 1 | 0 | _aTropical forage legumes / |
| 250 | _a2nd ed., rev. and expanded. | ||
| 260 |
_aRome : _bFood and Agriculture Organization of the United Nations ; _a[Lanham, Md. : _bUNIPUB, USA distributor], _c1988. |
||
| 300 |
_a692 p., [27] p. of plates : _bill. (some col.), map ; _c25 cm. |
||
| 650 | 0 | _aLegumes | |
| 650 | 0 | _aForage plants | |
| 650 | 0 | _aTropical crops. | |
| 700 | 1 | _aCameron, D. G. | |
| 700 | 1 | _aRiveros, Fernando. | |
| 942 | _cEK | ||
| 999 |
_c12238 _d12238 |
||